00338nam a2200133Ia 4500008004100000041000800041082001400049100001400063245003200077250001400109260004000123300003200163365000900195240624s9999 xx 000 0 und d aeng a519.3 BAR aBARON E N aGAME THEORY AN INTRODUCTION a(2nd ed.) c2013aNew JerseybJohn Wiley & Sons axvii, : 555 : p. : cm. ; 25 cb26